书目信息 |
| 题名: |
保险财务会计
|
|
| 作者: | 张洪涛 主编 | |
| 分册: | ||
| 出版信息: | 北京 中国人民大学出版社 2004 |
|
| 页数: | 599 | |
| 开本: | 23cm | |
| 丛书名: | 21世纪保险系列教材 | |
| 单 册: | ||
| 中图分类: | F840.32 | |
| 科图分类: | ||
| 主题词: | 保险 | |
| 电子资源: | ||
| ISBN: | 7-300-05453-6 | |
| 000 | 00607nam0 2200205 450 | |
| 001 | 0753815641 | |
| 005 | 20070930145655.64 | |
| 010 | @a7-300-05453-6@d¥46.00 | |
| 100 | @a20070930d km y0chiy0120 ea | |
| 101 | 0 | @achi |
| 200 | 1 | @a保险财务会计@Abao xian cai wu kuai ji@f张洪涛等主编@Fzhang hong tao deng zhu bian |
| 210 | @a北京@c中国人民大学出版社@d2004 | |
| 215 | @a599@d23cm | |
| 225 | 2 | @a21世纪保险系列教材 |
| 410 | 0 | @12001 @a21世纪保险系列教材 |
| 606 | 0 | @a保险 |
| 690 | @aF840.32@v3 | |
| 701 | 0 | @a张洪涛@Azhang hong tao@4主编 |
| 801 | 0 | @aCN@bPFT@c20070930 |
| 905 | @a213230@dF840.32@eg101@f1 | |
| 保险财务会计/张洪涛等主编.-北京:中国人民大学出版社,2004 |
| 599;23cm.-(21世纪保险系列教材) |
| ISBN 7-300-05453-6:¥46.00 |
| ● |
| 相关链接 |
|
|
|
|
正题名:保险财务会计
索取号:F840.32/g101
 
预约/预借
| 序号 | 登录号 | 条形码 | 馆藏地/架位号 | 状态 | 备注 |
| 1 | 6504189 | 265041894 | 密集书库-海洋学院/ [索取号:F840.32/g101] | 在馆 |